000 01469nam1a2200361 i 4500
001 RU\NLR\bibl\1152105
005 20241103151920.0
035 _a(NLR Aleph) 001138896
090 _a1405030
_c1405030
100 _a20071109g20079999u y0rusy50 ca
101 0 _arus
_aeng
102 _aRU
105 _a||||z |||||
200 1 _aПамятные и инвестиционные монеты России
_dCommemorative and investment coins of Russia
_eкаталог-справочник
_zeng
210 _aМосква
_cИнтерКрим-Пресс
_d2007
215 _d29
225 1 _aСерия "Памятные монеты"
_dSeries "Commemorative coins"
_zeng
300 _aТекст парал. на рус. и англ. яз.
463 0 _10011061008
463 0 _10011255006
463 0 _10011439248
463 0 _10011654715
463 0 _10011779735
510 1 _aCommemorative and investment coins of Russia
_zeng
606 _aИнвестиционные монеты
_jКаталоги-справочники
_yРоссийская Федерация
_92487075
_3RU\NLR\AUTH\6601692266
606 1 _aПамятные монеты
_jКаталоги-справочники
_yРоссийская Федерация
_92322326
_3RU\NLR\AUTH\6601614010
686 _aТ221(2)74я26
801 0 _aRU
_bNLR
_c20071109
_gRCR
801 1 _aRU
_bNLR
_c20071109
852 _aNLR
_j2007-8/968
942 _cBOOK